Southville International School and Colleges
Your cart is empty.
  • Cart
  • Lists
    Public lists Eva Luna New books Lux_list list_1
    Your lists Log in to create your own lists
  • Log in to your account
  • Your cookies
  • Search history
Southville International School and Colleges
  • Advanced search
  • Recent comments
  • Most popular
  • Libraries

Log in to your account

Log in with GOOGLE


If you do not have an external account, but do have a local account, you can still log in:

  1. Home
  2. MARC view: Measuring deception: A look at antecedents to deceptive intent /
Normal view MARC view ISBD view

Measuring deception: A look at antecedents to deceptive intent / (Record no. 361839)

[ view plain ]
MARC details
000 -LEADER
fixed length control field 00601nam a2200181Ia 4500
008 - FIXED-LENGTH DATA ELEMENTS--GENERAL INFORMATION
fixed length control field 190511s9999 xx 000 0 und d
100 ## - MAIN ENTRY--PERSONAL NAME
Personal name Boyle, Randall J.
245 ## - TITLE STATEMENT
Title Measuring deception: A look at antecedents to deceptive intent /
245 ## - TITLE STATEMENT
Statement of responsibility, etc Randall J. Boyle, Jeffrey A. Clements, and Jeffrey Gainer Proudfoot.--
260 ## - PUBLICATION, DISTRIBUTION, ETC. (IMPRINT)
Name of publisher, distributor, etc University of Illinois Press
260 ## - PUBLICATION, DISTRIBUTION, ETC. (IMPRINT)
Date of publication, distribution, etc 2018
300 ## - PHYSICAL DESCRIPTION
Extent Pages 347-367, Fall 2018
440 ## - SERIES STATEMENT/ADDED ENTRY--TITLE
Title Journal of Psychology
Volume number/sequential designation 131 (3)
650 ## - SUBJECT ADDED ENTRY--TOPICAL TERM
Topical term or geographic name as entry element Deception
650 ## - SUBJECT ADDED ENTRY--TOPICAL TERM
Topical term or geographic name as entry element Deceptive beliefs
650 ## - SUBJECT ADDED ENTRY--TOPICAL TERM
Topical term or geographic name as entry element Deceptive communication
650 ## - SUBJECT ADDED ENTRY--TOPICAL TERM
Topical term or geographic name as entry element Unethical behavior
Holdings
Withdrawn status Lost status Damaged status Home library Current library Date acquired Total Checkouts Date last seen Price effective from Koha item type
      College Library College Library 05/11/2019   05/11/2019 05/11/2019 Periodicals

Measuring deception: A look at antecedents to deceptive intent /

APA

Boyle R. J., .Measuring deception: A look at antecedents to deceptive intent. : University of Illinois Press.

Chicago

Boyle Randall J, .Measuring deception: A look at antecedents to deceptive intent. : University of Illinois Press.

Harvard

Boyle R. J., .Measuring deception: A look at antecedents to deceptive intent. : University of Illinois Press.

MLA

Boyle Randall J, .: University of Illinois Press. .

  • Place hold
  • Print
  • Cite
  • Add to your cart (remove)
  • Save record
    BIBTEX Dublin Core MARCXML MARC (non-Unicode/MARC-8) MARC (Unicode/UTF-8) MARC (Unicode/UTF-8, Standard) MODS (XML) RIS
  • More searches
    Search for this title in:
    Other Libraries (WorldCat) Other Databases (Google Scholar) Online Stores (Bookfinder.com) Open Library (openlibrary.org)

Exporting to Dublin Core...

SOUTHVILLE LIBRARY

Southville International School and Colleges Library

1281 Tropical Ave. Cor. Luxembourg St., BF Homes International, Las Pinas City

Tel. No. 8256374 / 252358 Loc. 117/146

Powered by Koha